00286nam a22001217a 4500003000500000005001700005038001200022082001000034100001800044245004200062260004700104300001300151NUST20191226131118.0 aMSOHAIL a915.4 aE.T. Atkinson aThe Himalayan Gazetteer - Vol - 03.02 aNew DelhibBhavana Books and Printscc1998 a721;p;xv